1963 1647 1438 1695 1196 1747 1160 1742 1409 1782 1753 1353 1297 1348 1861 1299 1297 1389 1693 1589 1901 1578 1292 1294 1763 1142 1808 1171 1877 1246 1711 1561 1491 1743 1034 1073 1669 1997 1971 1662 1365 1249 1299 1278 1939 1913 1069 1657 1423 1745 1732 1393 1470 1361 1681 1174 1827 1219 1843 1301 1021 1431 1687 1653 1487 1568 1216 1620 1351 1127 1003 1077 1725 1955 1794 1349 1469 1908 1868 1265 1959 1575 1794 1862 1175 1175 1290 1008 1550 1583 1218 1159 1713 1843 1628 1937 1941 1762 1706 BCNSPRNW ULIB Ver.6.0+V

เปลี่ยนเป็นภาษาไทย

Change to English
 แสดงรายละเอียดบรรณานุกรม
  กลับหน้าหลัก

Brief Record : Get Marc (ISO 2709) : E-mail record : QR code < ปิดหน้าต่าง
LEADER : 00000nam 2200000uu 4500
001    13399127790
003     ULIB
008    210914s2560||||th 000 0 tha d
020    ^a9786163982018
060  0 ^aWY106^bศ538ก
100 0  ^aศิวพร อึ้งวัฒนา
245 00 ^aการพยาบาลชุมชน : กระบวนการพยาบาล/^cศิวพร อึ้งวัฒนา
250    ^aพิมพ์ครั้งที่ 1
260    ^aเชียงใหม่ :^bคณะพยาบาลศาสตร์ มหาวิทยาลัยเชียงใหม่,^c2560
300    ^a172 หน้า
650  0 ^aการพยาบาลชุมชน
650  0 ^aกระบวนการพยาบาลชุมชน
856    ^a^zการพยาบาลชุมชน : กระบวนการพยาบาล (สารบัญหนังสือ)^uhttp://110.164.66.211/ULIB6//_fulltext/bookcontent/13399113095/51015.pdf
945    ^p200^l0^i28902
945    ^p200^l0^i28903
945    ^p200^l0^i28904
945    ^p200^l0^i28905
945    ^p200^l0^i28906
999    ^aกัณชพร จุลอักษร
รายการนี้ยังไม่มีแท็ก
คุณยังไม่ได้ล็อกอิน คุณสามารถมีกิจกรรมร่วมกับเว็บไซต์ได้ แต่ต้องล็อกอินก่อน ::
  ล็อกอิน

รายการสื่อสารสนเทศ

ลำดับที่ ประเภท เลขเรียก/บาร์โค้ด สถานที่ สถานะ
1. หนังสือสำรอง
หนังสือสำรอง
WY106 ศ538ก ฉ.1 
  Barcode: 28902
ห้องสมุดวิทยาเขตนครสวรรค์
►หนังสือทั่วไป:l:General Books
บนชั้น
2. วิทยาศาสตร์การแพทย์ และสุขภาพ
วิทยาศาสตร์การแพทย์ และสุขภาพ
WY106 ศ538ก ฉ.2 
  Barcode: 28903
ห้องสมุดวิทยาเขตนครสวรรค์
►หนังสือทั่วไป:l:General Books
บนชั้น
3. วิทยาศาสตร์การแพทย์ และสุขภาพ
วิทยาศาสตร์การแพทย์ และสุขภาพ
WY106 ศ538ก ฉ.3 
  Barcode: 28904
ห้องสมุดวิทยาเขตนครสวรรค์
►หนังสือทั่วไป:l:General Books
บนชั้น
4. วิทยาศาสตร์การแพทย์ และสุขภาพ
วิทยาศาสตร์การแพทย์ และสุขภาพ
WY106 ศ538ก ฉ.4 
  Barcode: 28905
ห้องสมุดวิทยาเขตนครสวรรค์
►หนังสือทั่วไป:l:General Books
บนชั้น
5. วิทยาศาสตร์การแพทย์ และสุขภาพ
วิทยาศาสตร์การแพทย์ และสุขภาพ
WY106 ศ538ก ฉ.5 
  Barcode: 28906
ห้องสมุดวิทยาเขตนครสวรรค์
►หนังสือทั่วไป:l:General Books
บนชั้น

รายการใกล้เคียง
    ผู้แต่ง [ศิวพร อึ้งวัฒนา]

    หัวเรื่อง [การพยาบาลชุมชน]
    หัวเรื่อง [กระบวนการพยาบาลชุมชน]

BibComment


ยังไม่เคยถูกคอมเมนท์

คอมเมนท์ทรัพยากรรายการนี้
  คอมเมนท์: การพยาบาลชุมชน ..


 Copyright 2026. Bcnsprnw @Library